Normal view
MARC view
- قسم الالكترون
Entry Topical Term
001 - CONTROL NUMBER
- control field: 13726
003 - CONTROL NUMBER IDENTIFIER
- control field: JO-AjAnu
005 - DATE AND TIME OF LATEST TRANSACTION
- control field: 20230606072508.0
008 - FIXED-LENGTH DATA ELEMENTS
- fixed length control field: 230606|| aca||aabn | a|a d
040 ## - CATALOGING SOURCE
- Original cataloging agency: JO-AjAnu
- Transcribing agency: JO-AjAnu
150 ## - HEADING--TOPICAL TERM
- Topical term or geographic name entry element: قسم الالكترون
670 ## - SOURCE DATA FOUND
- Source citation: Work cat.: (JO-AjAnu)7059: الدغلي ، محمد عبدالرحمن ، 1991, author 13725, المبسط للمبادئ التقنية للمهن الهندسبة ج2 فسم الالكترون